[Event "Schleswig Holstein-ch Seniors op 11th"]
[Site "Buesum"]
[Date "2017.09.15"]
[Round "8"]
[White "Gerhards, Walter"]
[Black "Niebling, Ferdinand"]
[Result "0-1"]
[WhiteElo "1916"]
[BlackElo "2059"]
[PlyCount "40"]
[EventDate "2017.09.08"]
[EventType "swiss"]
[EventRounds "9"]
[EventCountry "GER"]
[SourceTitle "EXT 2019"]
[Source "ChessBase"]
[SourceDate "2018.10.10"]
[SourceVersion "1"]
[SourceVersionDate "2018.10.10"]
[SourceQuality "1"]

1. e4 e6 2. d4 d5 3. Nc3 Bb4 4. e5 c5 5. a3 Bxc3+ 6. bxc3 Ne7 7. a4 Nbc6 8. Ba3 cxd4 9. Qg4 Qa5 10. Ne2 0-0 11. f4 dxc3 12. Ng3 Qxa4 13. Bd3 Nxe5 14. Bxh7+ Kxh7 15. Qh4+ Kg8 16. Qxe7 Ng6 17. Qc7 Bd7 18. 0-0 Rfc8 19. Qd6 Qc6 20. Qb4 Qb6+ 0-1

[Event "Bayern-ch Seniors op 27th"]
[Site "Bergen"]
[Date "2015.06.15"]
[Round "8"]
[White "Gerhards, Walter"]
[Black "Fischer, Gerd"]
[Result "1/2-1/2"]
[WhiteElo "1756"]
[BlackElo "2011"]
[PlyCount "121"]
[EventDate "2015.06.15"]
[EventType "swiss"]
[EventRounds "9"]
[EventCountry "GER"]
[SourceTitle "EXT 2019"]
[Source "ChessBase"]
[SourceDate "2018.10.10"]
[SourceVersion "1"]
[SourceVersionDate "2018.10.10"]
[SourceQuality "1"]

1. e4 e6 2. d4 d5 3. Nc3 dxe4 4. Nxe4 Be7 5. Be3 Nf6 6. Bd3 Bd7 7. Nf3 Nxe4 8. Bxe4 Bc6 9. Bd3 Nd7 10. 0-0 0-0 11. Qe2 Bf6 12. Rad1 Re8 13. Ne5 Bxe5 14. dxe5 Qh4 15. f4 a6 16. b4 Qe7 17. Bd2 g6 18. Qg4 Rad8 19. Be1 f5 20. exf6 Nxf6 21. Qh3 Be4 22. Bh4 Bxd3 23. cxd3 Rd5 24. Rfe1 Qf7 25. Bg5 Nh5 26. Re4 Ng7 27. g4 Qd7 28. Bf6 Rf8 29. g5 Nf5 30. d4 h5 31. Qc3 Rc8 32. Rde1 Re8 33. a3 Kf7 34. Rc1 Rc8 35. Be5 c6 36. a4 Rd8 37. Rd1 Rc8 38. Bf6 c5 39. bxc5 Rcxc5 40. Qb4 b5 41. axb5 Rxb5 42. Qa4 Qc6 43. Rde1 Rd6 44. Be5 Rd8 45. R4e2 Qb6 46. Bf6 Rd6 47. Qc4 Rc6 48. Qd3 Rb4 49. Re4 Rd6 50. Rd1 a5 51. Kh1 Rb3 52. Qe2 Qc6 53. Kg1 a4 54. Rd2 Rb1+ 55. Kf2 Qc1 56. Qe1 Rc6 57. Qxc1 Rcxc1 58. d5 Rf1+ 59. Kg2 Rg1+ 60. Kf2 Rgf1+ 61. Kg2 1/2-1/2

[Event "Bayern-ch Seniors op 27th"]
[Site "Bergen"]
[Date "2015.06.15"]
[Round "6"]
[White "Gerhards, Walter"]
[Black "Walther, Reinhard"]
[Result "0-1"]
[WhiteElo "1756"]
[BlackElo "1942"]
[PlyCount "116"]
[EventDate "2015.06.15"]
[EventType "swiss"]
[EventRounds "9"]
[EventCountry "GER"]
[SourceTitle "EXT 2019"]
[Source "ChessBase"]
[SourceDate "2018.10.10"]
[SourceVersion "1"]
[SourceVersionDate "2018.10.10"]
[SourceQuality "1"]

1. e4 d6 2. d4 Nf6 3. Nc3 g6 4. Nf3 Bg7 5. h3 0-0 6. Be3 c6 7. Qd2 b5 8. Bd3 Nbd7 9. 0-0 Bb7 10. Rad1 Qc7 11. Bh6 b4 12. Ne2 c5 13. Bxg7 Kxg7 14. Ng3 c4 15. Be2 Nxe4 16. Nxe4 Bxe4 17. Qxb4 Rab8 18. Qc3 d5 19. b3 Nb6 20. Nd2 Bf5 21. bxc4 dxc4 22. Bf3 Rfc8 23. g4 Na4 24. Qa3 Bxc2 25. Rc1 Rb2 26. Be4 c3 27. Rxc2 Rxc2 28. Nb3 Rb2 29. Qxa4 Qf4 30. d5 Qe5 31. Nc1 f5 32. Bg2 Rd2 33. Qxa7 fxg4 34. hxg4 Rf8 35. Nb3 Qe2 36. Nxd2 cxd2 37. Qd4+ Kg8 38. f3 Rc8 39. d6 Rd8 40. d7 Qe1 41. Qe4 Qxf1+ 42. Bxf1 d1Q 43. Qxe7 Rxd7 44. Qe8+ Kg7 45. Qe5+ Kf7 46. Kf2 Qd4+ 47. Qxd4 Rxd4 48. Ke3 Ra4 49. Bc4+ Kf6 50. Kd3 Ke5 51. Bb3 Rb4 52. Ke3 h5 53. Bf7 Kf6 54. Bb3 hxg4 55. fxg4 Rxg4 56. Kf3 Rb4 57. Bd5 g5 58. Bc6 Rc4 0-1

[Event "Schleswig Holstein-ch Seniors op"]
[Site "Buesum"]
[Date "2014.09.30"]
[Round "6"]
[White "Johnsen, Oystein"]
[Black "Gerhards, Walter"]
[Result "1-0"]
[WhiteElo "2035"]
[BlackElo "1939"]
[PlyCount "107"]
[EventDate "2014.09.25"]
[EventType "swiss"]
[EventRounds "9"]
[EventCountry "GER"]
[SourceTitle "EXT 2018"]
[Source "ChessBase"]
[SourceDate "2017.10.13"]
[SourceVersion "1"]
[SourceVersionDate "2017.10.13"]
[SourceQuality "1"]

1. c4 e6 2. Nc3 d5 3. d4 Nf6 4. Nf3 Nbd7 5. e3 Be7 6. b3 0-0 7. Bd3 c5 8. 0-0 b6 9. cxd5 exd5 10. Bb2 Re8 11. Bb5 a6 12. Bc6 Rb8 13. dxc5 Bxc5 14. Nxd5 Nxd5 15. Qxd5 Re6 16. Ng5 Re7 17. b4 h6 18. Ne4 Bxb4 19. Qd4 f5 20. Qxb4 fxe4 21. Rad1 Bb7 22. Qb3+ Kh8 23. Bxd7 Rxd7 24. Rxd7 Qxd7 25. Rd1 Qc7 26. Qe6 Bc6 27. Qxh6+ Kg8 28. Qe6+ Kh7 29. Re1 Rd8 30. h3 Rd2 31. Qf5+ Kg8 32. Ba3 Qd7 33. Qf8+ Kh7 34. Qf4 Rxa2 35. Bd6 Rd2 36. Be5 b5 37. Bd4 b4 38. Kh2 b3 39. Qe5 Rc2 40. Rb1 Bd5 41. Ra1 Bb7 42. Ra3 Rxf2 43. Rxb3 Rf6 44. Qg3 Rg6 45. Qf4 a5 46. Rc3 Bc6 47. g4 a4 48. Rc5 Qd6 49. Rh5+ Kg8 50. Re5 Rf6 51. Qg5 a3 52. Kg2 Qf8 53. Rf5 Rxf5 54. gxf5 1-0

[Event "Lipperland op 13th"]
[Site "Doerentrup"]
[Date "2014.06.05"]
[Round "6"]
[White "Heissenbuettel, Hans Erich"]
[Black "Gerhards, Walter"]
[Result "1/2-1/2"]
[WhiteElo "1971"]
[BlackElo "1898"]
[PlyCount "101"]
[EventDate "2014.05.30"]
[EventType "swiss"]
[EventRounds "9"]
[EventCountry "GER"]
[SourceTitle "EXT 2019"]
[Source "ChessBase"]
[SourceDate "2018.10.10"]
[SourceVersion "1"]
[SourceVersionDate "2018.10.10"]
[SourceQuality "1"]

1. c4 e6 2. Nc3 d5 3. d4 Nf6 4. e3 Nbd7 5. Nf3 a6 6. a3 Bd6 7. b4 0-0 8. Bb2 c6 9. Bd3 dxc4 10. Bxc4 Nb6 11. Bd3 Qc7 12. Qc2 h6 13. e4 Be7 14. Rc1 Bd7 15. 0-0 Rfd8 16. Ne2 Rac8 17. h3 Qb8 18. Rfd1 Be8 19. Qb3 Nh7 20. Ne5 Bf6 21. f4 Bxe5 22. fxe5 Qc7 23. Rf1 Qe7 24. Rf2 Nd7 25. Rcf1 Ndf8 26. Bc1 Ng6 27. Kh2 Rd7 28. Be3 Rcd8 29. Bb1 Ng5 30. Qc3 b6 31. Nf4 Nxf4 32. Rxf4 Nh7 33. Rc1 Nf8 34. Qe1 Ng6 35. Rf2 Rb7 36. Qc3 Ra8 37. Bd2 a5 38. Qe3 Rab8 39. Bd3 axb4 40. Bxb4 Qd8 41. Bd6 Ra8 42. Rb1 Rba7 43. Rfb2 b5 44. Rf2 Ne7 45. Rc1 Nc8 46. Bc5 Ra4 47. Bc2 R4a6 48. Bb3 Nb6 49. Rd2 Na4 50. Bb4 Qb6 51. Bxa4 1/2-1/2

[Event "Hessen-ch Seniors op 10th"]
[Site "Bad Sooden-Allendorf"]
[Date "2014.05.02"]
[Round "7"]
[White "Gerhards, Walter"]
[Black "Achenbach, Manfred"]
[Result "0-1"]
[WhiteElo "1911"]
[BlackElo "2153"]
[PlyCount "99"]
[EventDate "2014.04.26"]
[EventType "swiss"]
[EventRounds "9"]
[EventCountry "GER"]
[SourceTitle "EXT 2018"]
[Source "ChessBase"]
[SourceDate "2017.10.13"]
[SourceVersion "1"]
[SourceVersionDate "2017.10.13"]
[SourceQuality "1"]

1. e4 c5 2. Nf3 d6 3. Nc3 Nc6 4. Bb5 Bd7 5. 0-0 g6 6. Ne2 Nf6 7. d3 Bg7 8. c3 0-0 9. Ng3 a6 10. Ba4 b5 11. Bc2 Rc8 12. Re1 b4 13. Bd2 a5 14. a3 Qb6 15. h3 Rb8 16. axb4 axb4 17. Ba4 Rfd8 18. Qc1 Ra8 19. Bxc6 Rxa1 20. Qxa1 Bxc6 21. Qc1 Qb5 22. d4 Qb7 23. d5 Ba4 24. Bh6 Bh8 25. c4 Bb3 26. Nd2 Ba4 27. b3 Be8 28. f4 Nd7 29. Nf3 Bc3 30. Re2 Ra8 31. Qc2 Qa7 32. e5 dxe5 33. fxe5 Nxe5 34. Qe4 f6 35. h4 Qa1+ 36. Kh2 Bd7 37. Nxe5 Bxe5 38. Bf4 Bd6 39. Bxd6 exd6 40. Qe7 Bg4 41. Re4 f5 42. Qe6+ Kh8 43. Re1 Qc3 44. Qe7 Qb2 45. Qxd6 Bf3 46. Qe5+ Qxe5 47. Rxe5 Ra2 48. d6 Rxg2+ 49. Kh3 Rd2 50. Rxc5 0-1

[Event "Hessen-ch Seniors op 10th"]
[Site "Bad Sooden-Allendorf"]
[Date "2014.04.28"]
[Round "3"]
[White "Gerhards, Walter"]
[Black "Fuhlrott, Heinz"]
[Result "1-0"]
[WhiteElo "1911"]
[BlackElo "1755"]
[PlyCount "79"]
[EventDate "2014.04.26"]
[EventType "swiss"]
[EventRounds "9"]
[EventCountry "GER"]
[SourceTitle "EXT 2018"]
[Source "ChessBase"]
[SourceDate "2017.10.13"]
[SourceVersion "1"]
[SourceVersionDate "2017.10.13"]
[SourceQuality "1"]

1. e4 e5 2. Bc4 Nf6 3. d3 Bc5 4. Nf3 d6 5. Bg5 Bg4 6. Nbd2 Nbd7 7. h3 Bh5 8. g4 Bg6 9. Nh4 h6 10. Nxg6 fxg6 11. Bh4 g5 12. Bg3 Qe7 13. a3 0-0-0 14. c3 a6 15. b4 Ba7 16. a4 d5 17. exd5 Nb6 18. Qb3 Nbxd5 19. 0-0-0 Nf4 20. Bxf4 exf4 21. Rhe1 Qf8 22. d4 Rd6 23. Nf3 Qd8 24. Ne5 Rf8 25. Nf7 Rxf7 26. Bxf7 f3 27. Re5 Qf8 28. Rde1 Rd8 29. Re7 Kb8 30. Qc4 c6 31. b5 c5 32. bxa6 b6 33. Rb7+ Ka8 34. Ree7 Bb8 35. Rxb8+ Kxb8 36. Qe6 Nd5 37. Qe5+ Kc8 38. Bxd5 Qf4+ 39. Qxf4 gxf4 40. a7 1-0

[Event "Bad Woerishofen op 30th"]
[Site "Bad Woerishofen"]
[Date "2014.03.23"]
[Round "4"]
[White "Gerhards, Walter"]
[Black "Engl, Heinz"]
[Result "0-1"]
[WhiteElo "1911"]
[BlackElo "2084"]
[PlyCount "86"]
[EventDate "2014.03.21"]
[EventType "swiss"]
[EventRounds "9"]
[EventCountry "GER"]
[SourceTitle "CBM 159 Extra"]
[Source "ChessBase"]
[SourceDate "2014.04.24"]
[SourceVersion "1"]
[SourceVersionDate "2014.04.24"]
[SourceQuality "1"]

1. e4 c5 2. Nf3 d6 3. Nc3 Nc6 4. d4 cxd4 5. Nxd4 Nf6 6. Be2 g6 7. Be3 Bg7 8. Qd2 0-0 9. f3 d5 10. Nxc6 bxc6 11. 0-0-0 Be6 12. Bh6 Qa5 13. Bxg7 Kxg7 14. b3 dxe4 15. fxe4 Qa3+ 16. Kb1 a5 17. Qd4 Rfb8 18. Ka1 c5 19. Qa4 Qb4 20. Kb2 Ra7 21. Bf3 Qb6 22. e5 Nd7 23. Rhe1 c4 24. Nd5 Bxd5 25. Bxd5 cxb3 26. axb3 e6 27. Bc4 Nc5 28. Qa3 Qc7 29. Re3 Rab7 30. Rb1 Nd7 31. Kc1 Qb6 32. Re1 Qf2 33. Qxa5 Nb6 34. Bd3 Nd5 35. Qd2 Qc5 36. Ra1 Rxb3 37. Qa5 Qc6 38. Kd2 R3b4 39. Qa3 Nf4 40. Re3 Qxg2+ 41. Be2 Nxe2 42. Rxe2 Rd4+ 43. Kc3 Qd5 0-1

[Event "Bad Woerishofen op 30th"]
[Site "Bad Woerishofen"]
[Date "2014.03.23"]
[Round "8"]
[White "Gerhards, Walter"]
[Black "Hillebrand, Carsten"]
[Result "0-1"]
[WhiteElo "1911"]
[BlackElo "2044"]
[PlyCount "64"]
[EventDate "2014.03.21"]
[EventType "swiss"]
[EventRounds "9"]
[EventCountry "GER"]
[SourceTitle "CBM 159 Extra"]
[Source "ChessBase"]
[SourceDate "2014.04.24"]
[SourceVersion "1"]
[SourceVersionDate "2014.04.24"]
[SourceQuality "1"]

1. e4 c5 2. Nf3 Nc6 3. Nc3 e5 4. Bb5 Nge7 5. 0-0 g6 6. a4 Bg7 7. d3 0-0 8. Bg5 h6 9. Be3 Nd4 10. Bc4 d6 11. Nd5 Bg4 12. c3 Nxf3+ 13. gxf3 Bh3 14. Re1 Nxd5 15. Bxd5 Qh4 16. Kh1 Kh7 17. Rg1 Rab8 18. Qd2 Bd7 19. Rg3 Qe7 20. a5 Be6 21. Rag1 Bxd5 22. exd5 b6 23. Rh3 h5 24. Rhg3 bxa5 25. f4 exf4 26. Bxf4 Qb7 27. c4 Qxb2 28. Qxa5 Qf6 29. Be3 Qf5 30. Qxa7 h4 31. R3g2 Qf3 32. h3 Be5 0-1

[Event "SH-ch Seniors op"]
[Site "Eckernfoerde"]
[Date "2012.09.30"]
[Round "2.9"]
[White "Kurka, Dieter"]
[Black "Gerhards, Walter"]
[Result "0-1"]
[WhiteElo "2093"]
[BlackElo "1968"]
[PlyCount "74"]
[EventDate "2012.09.29"]
[EventType "swiss"]
[EventRounds "7"]
[EventCountry "GER"]
[SourceTitle "EXT 2022"]
[Source "ChessBase"]
[SourceDate "2021.10.06"]
[SourceVersion "1"]
[SourceVersionDate "2021.10.06"]
[SourceQuality "1"]

1. d4 Nf6 2. Nf3 g6 3. c4 Bg7 4. Nc3 d5 5. cxd5 Nxd5 6. Bd2 0-0 7. e4 Nxc3 8. Bxc3 c5 9. d5 Nd7 10. Be2 Nf6 11. Qc2 e6 12. d6 b6 13. 0-0 Bb7 14. Nd2 Qd7 15. f3 Rfe8 16. a4 e5 17. f4 exf4 18. Rxf4 Qxd6 19. Raf1 Re6 20. Bc4 Rae8 21. Bxe6 Rxe6 22. e5 Qc6 23. Nc4 Nd5 24. Rxf7 Ba6 25. Bd2 Nb4 26. Bxb4 cxb4 27. b3 Rxe5 28. Qf2 Re8 29. Rxa7 Bxc4 30. bxc4 Qxc4 31. Qf7+ Qxf7 32. Rfxf7 Bd4+ 33. Kf1 b3 34. Rf3 Re3 35. Rxe3 Bxe3 36. Rd7 b2 37. Rd1 Bc1 0-1

[Event "SH-ch Seniors op"]
[Site "Eckernfoerde"]
[Date "2012.09.29"]
[Round "1.27"]
[White "Gerhards, Walter"]
[Black "Moeller, Peter1111"]
[Result "1-0"]
[WhiteElo "1968"]
[BlackElo "1636"]
[PlyCount "85"]
[EventDate "2012.09.29"]
[EventType "swiss"]
[EventRounds "7"]
[EventCountry "GER"]
[SourceTitle "EXT 2022"]
[Source "ChessBase"]
[SourceDate "2021.10.06"]
[SourceVersion "1"]
[SourceVersionDate "2021.10.06"]
[SourceQuality "1"]

1. e4 c5 2. Nc3 e6 3. Nge2 d5 4. exd5 exd5 5. d4 Nf6 6. g3 Nc6 7. Bg2 Be6 8. 0-0 Bd6 9. Bg5 Be7 10. dxc5 Qa5 11. Nf4 0-0 12. Re1 Bg4 13. Qd2 Qxc5 14. Bxf6 Bxf6 15. Nfxd5 Bxc3 16. Nxc3 Rad8 17. Qf4 Bh5 18. Re4 Bg6 19. Rc4 Qd6 20. Qxd6 Rxd6 21. Ne4 Bxe4 22. Bxe4 Rfd8 23. Bxc6 bxc6 24. Re1 Kf8 25. Re3 f6 26. h4 Kf7 27. Kg2 Re8 28. Kf3 Ree6 29. Ke2 Rxe3+ 30. Kxe3 f5 31. Rd4 Re6+ 32. Kd3 Re7 33. Rd6 Rc7 34. Kc4 Ke7 35. Kc5 Rd7 36. Rxd7+ Kxd7 37. c4 a5 38. Kb6 a4 39. Kc5 Kc7 40. Kb4 Kb6 41. c5+ Kc7 42. Kxa4 Kd7 43. b4 1-0

[Event "Bad Wiessee Seniors op"]
[Site "Bad Wiessee"]
[Date "2012.04.28"]
[Round "8"]
[White "Gerhards, Walter"]
[Black "Hagermann, Hermann"]
[Result "1/2-1/2"]
[WhiteElo "1826"]
[BlackElo "1834"]
[PlyCount "120"]
[EventDate "2012.04.21"]
[EventType "swiss"]
[EventRounds "9"]
[EventCountry "GER"]
[SourceTitle "EXT 2015"]
[Source "ChessBase"]
[SourceDate "2014.11.20"]
[SourceVersion "1"]
[SourceVersionDate "2014.11.20"]
[SourceQuality "1"]

1. e4 e5 2. Nf3 Nc6 3. Bb5 g6 4. d3 Bg7 5. Nbd2 Nge7 6. Nf1 d5 7. exd5 Nxd5 8. Ne3 0-0 9. Bxc6 bxc6 10. 0-0 Rb8 11. Rb1 h5 12. Nxd5 cxd5 13. b3 h4 14. Bg5 Bf6 15. Bxf6 Qxf6 16. h3 e4 17. dxe4 dxe4 18. Qd4 Qxd4 19. Nxd4 c5 20. Nc6 Rb7 21. Rbd1 Rc7 22. Rd6 Bf5 23. c4 Kg7 24. Rfd1 Rfc8 25. Ne5 Re8 26. Ng4 Bxg4 27. hxg4 e3 28. f3 f5 29. gxf5 gxf5 30. Re1 Rce7 31. Kf1 Re6 32. Rd3 Kf6 33. Ke2 Rg8 34. Kf1 Rge8 35. Rd5 Re5 36. Rxe5 Rxe5 37. Ke2 Kg5 38. Rd1 Kf4 39. Rd5 Re7 40. Rxc5 Rg7 41. Kf1 e2+ 42. Kxe2 Rxg2+ 43. Kf1 h3 44. Rd5 Rxa2 45. Kg1 Kg3 46. Rd1 Rb2 47. Rc1 Rxb3 48. c5 Rb7 49. c6 Rc7 50. Rc3 f4 51. Kh1 a5 52. Rc5 a4 53. Rg5+ Kxf3 54. Rc5 a3 55. Rc3+ Kg4 56. Rc2 a2 57. Rxa2 Rxc6 58. Kh2 Re6 59. Rb2 Re3 60. Ra2 Re4 1/2-1/2

[Event "Bad Wiessee Seniors op"]
[Site "Bad Wiessee"]
[Date "2012.04.25"]
[Round "5"]
[White "Klein, Reinhard"]
[Black "Gerhards, Walter"]
[Result "1-0"]
[WhiteElo "1774"]
[BlackElo "1826"]
[PlyCount "113"]
[EventDate "2012.04.21"]
[EventType "swiss"]
[EventRounds "9"]
[EventCountry "GER"]
[SourceTitle "EXT 2015"]
[Source "ChessBase"]
[SourceDate "2014.11.20"]
[SourceVersion "1"]
[SourceVersionDate "2014.11.20"]
[SourceQuality "1"]

1. d4 d5 2. Bf4 Nf6 3. e3 Nbd7 4. Nf3 c5 5. c3 e6 6. Ne5 cxd4 7. exd4 Nxe5 8. dxe5 Ne4 9. Nd2 Nxd2 10. Qxd2 Qb6 11. Bd3 Bd7 12. a4 a5 13. 0-0 Bc6 14. Be3 Bc5 15. Bxc5 Qxc5 16. Rfc1 Qe7 17. b4 0-0 18. b5 Bd7 19. Qe3 Rfc8 20. Qb6 Be8 21. c4 Qg5 22. Qxb7 Qxe5 23. cxd5 Rcb8 24. Qc7 Qxd5 25. Qc4 Qd8 26. Qe4 g6 27. Rc5 Qd6 28. Rac1 Rd8 29. Bf1 Kg7 30. h4 Ra7 31. h5 f5 32. Qe3 gxh5 33. Rxf5 Qd4 34. Qg3+ Bg6 35. Rxh5 Qxa4 36. b6 Rb7 37. Rc7+ Rd7 38. Rxb7 Rxb7 39. Qc3+ Kg8 40. Rxa5 Qe8 41. Ra7 Be4 42. Qg3+ Qg6 43. Qxg6+ hxg6 44. Rxb7 Bxb7 45. Bd3 Kf7 46. f3 Kf6 47. Be4 Ba6 48. Kf2 g5 49. b7 Bxb7 50. Bxb7 g4 51. fxg4 Kg5 52. Bf3 Kf4 53. g3+ Kg5 54. Ke3 Kf6 55. Ke4 Ke7 56. Ke5 Kf7 57. Be4 1-0

[Event "Bad Wiessee Seniors op"]
[Site "Bad Wiessee"]
[Date "2012.04.22"]
[Round "2"]
[White "Gerhards, Walter"]
[Black "Weidlich, Guenter"]
[Result "1-0"]
[WhiteElo "1826"]
[BlackElo "2074"]
[PlyCount "93"]
[EventDate "2012.04.21"]
[EventType "swiss"]
[EventRounds "9"]
[EventCountry "GER"]
[SourceTitle "EXT 2015"]
[Source "ChessBase"]
[SourceDate "2014.11.20"]
[SourceVersion "1"]
[SourceVersionDate "2014.11.20"]
[SourceQuality "1"]

1. e4 g6 2. d4 Bg7 3. Nf3 d6 4. Be2 c6 5. 0-0 Nf6 6. Nc3 b5 7. a3 a6 8. h3 0-0 9. Re1 Qc7 10. Bf1 e5 11. Bg5 Nbd7 12. Qd2 Re8 13. Rad1 Bf8 14. g3 Bb7 15. Bg2 c5 16. d5 Bg7 17. Nh2 Nb6 18. h4 b4 19. Nb1 a5 20. Bf1 Ba6 21. Bxa6 Rxa6 22. Qe2 Ra7 23. b3 c4 24. Qf3 Nfd7 25. Nd2 Raa8 26. Ng4 f6 27. Nh6+ Kh8 28. Be3 Rf8 29. h5 g5 30. Nf5 Rf7 31. axb4 axb4 32. Ra1 Rxa1 33. Rxa1 Bf8 34. Qd1 c3 35. Nf1 Nc5 36. f3 g4 37. Nh2 gxf3 38. Qxf3 Nc8 39. Ng4 Be7 40. Ngh6 Rf8 41. Qg4 Bd8 42. Kh2 Nb6 43. Qf3 Nc8 44. g4 Ne7 45. Ra8 Nxf5 46. Qxf5 Qb7 47. Rxd8 1-0

[Event "Bad Woerishofen op 28th"]
[Site "Bad Woerishofen"]
[Date "2012.03.07"]
[Round "6"]
[White "Bangert, Ruediger"]
[Black "Gerhards, Walter"]
[Result "0-1"]
[WhiteElo "1685"]
[BlackElo "2006"]
[PlyCount "92"]
[EventDate "2012.03.02"]
[EventType "swiss"]
[EventRounds "9"]
[EventCountry "GER"]
[SourceTitle "EXT 2019"]
[Source "ChessBase"]
[SourceDate "2018.10.10"]
[SourceVersion "1"]
[SourceVersionDate "2018.10.10"]
[SourceQuality "1"]

1. d4 d5 2. c4 e6 3. cxd5 exd5 4. Nf3 Nf6 5. a3 h6 6. e3 Bd6 7. Nc3 0-0 8. Be2 Re8 9. Nb5 Bf8 10. Ne5 c5 11. Nf3 Bd7 12. Nc3 Bc6 13. Ne5 Bd6 14. Nxc6 bxc6 15. dxc5 Bxc5 16. 0-0 Qc7 17. Bf3 Nbd7 18. g3 Rad8 19. Bg2 a5 20. Qc2 Ne5 21. Ne2 Qd6 22. Nc3 Qc7 23. Ne2 Qa7 24. Nf4 Bb6 25. Bd2 c5 26. b4 cxb4 27. axb4 Rc8 28. Qb3 Nc4 29. Bc3 Nxe3 30. fxe3 Rxe3 31. Kh1 Rexc3 32. Qd1 d4 33. Nd5 Nxd5 34. Bxd5 R3c7 35. Qh5 Rf8 36. bxa5 Bc5 37. a6 Rd7 38. Bb7 d3 39. Qf5 Rfd8 40. Rad1 d2 41. Qg4 Qb6 42. Qc4 Qd6 43. Rf5 Re8 44. Rff1 Rde7 45. Qc2 Rxb7 46. axb7 Qd5+ 0-1

[Event "MVP-ch Seniors op 11th"]
[Site "Binz"]
[Date "2011.12.08"]
[Round "9.10"]
[White "Gerhards, Walter"]
[Black "Krueger, Erich"]
[Result "1/2-1/2"]
[WhiteElo "1854"]
[BlackElo "2033"]
[PlyCount "139"]
[EventDate "2011.11.30"]
[EventType "swiss"]
[EventRounds "9"]
[EventCountry "GER"]
[SourceTitle "EXT 2013"]
[Source "ChessBase"]
[SourceDate "2012.11.22"]
[SourceVersion "1"]
[SourceVersionDate "2012.11.22"]
[SourceQuality "1"]

1. e4 c6 2. d4 d5 3. Nc3 dxe4 4. Nxe4 Bf5 5. Ng3 Bg6 6. Nf3 Nd7 7. Be2 Ngf6 8. 0-0 e6 9. c4 Be7 10. b3 Qc7 11. Bb2 Rd8 12. Qc1 c5 13. h3 Bd6 14. d5 exd5 15. cxd5 0-0 16. Qc3 Nb6 17. Rad1 Bxg3 18. fxg3 Nbxd5 19. Rxd5 Rxd5 20. Bc4 Rd6 21. g4 Rfd8 22. h4 Rd1 23. h5 Rxf1+ 24. Kxf1 Be4 25. h6 Qf4 26. g5 Bxf3 27. gxf3 Nh5 28. hxg7 Ng3+ 29. Ke1 Re8+ 30. Kd1 Qd4+ 31. Kc2 Nf5 32. Qxd4 Nxd4+ 33. Kd3 Rd8 34. Ke4 Kxg7 35. f4 f6 36. Bd5 b6 37. Bc1 Re8+ 38. Kd3 Rd8 39. Ke4 fxg5 40. fxg5 Rf8 41. b4 Rf1 42. Bf4 Rxf4+ 43. Kxf4 cxb4 44. Ke3 Nf5+ 45. Kf4 Nd6 46. Ke5 Nf7+ 47. Kf4 a5 48. Be6 Nd8 49. Bd7 Nb7 50. Be8 Nc5 51. Ke3 a4 52. Kd2 b3 53. axb3 Nxb3+ 54. Kc3 Nc5 55. Kb4 Ne6 56. Kxa4 Nxg5 57. Kb5 Nf7 58. Kxb6 h5 59. Kc5 h4 60. Kd4 Ng5 61. Bd7 Kf6 62. Ke3 Ke5 63. Kf2 Kf4 64. Kg2 Ne4 65. Kh3 Kg5 66. Bc8 Nf2+ 67. Kh2 Kf4 68. Bd7 Nd3 69. Kh3 Kg5 70. Bc8 1/2-1/2